| 000 | 01245nam a2200313 c 4500 | ||
|---|---|---|---|
| 999 |
_c148265 _d148265 |
||
| 003 | BLK | ||
| 005 | 20220701124418.0 | ||
| 008 | 180410b bul|||||r ||||||| ||bul|| | ||
| 010 | _aKNG00154487000 | ||
| 040 | _aBLK | ||
| 041 |
_aBUL _cBUL |
||
| 080 |
_aИталианска литература _b821.131.1 _x-93-34 _z821.131.1-93-34 |
||
| 139 |
_aПакарие, Рената _bП 15 |
||
| 245 | 1 | 0 |
_aАфрикански приказки _cпреразк. Рената Пакарие; прев. от итал. Люба Никифорова; ил. Марайа. |
| 250 | _a3. изд. | ||
| 257 | _aITA | ||
| 260 |
_bНар. младеж _c1975 |
||
| 300 |
_a56 с. _bс ил. _c33 см |
||
| 380 | _aDX | ||
| 500 | _aОриг. загл. Fiable africane. - 1. изд. 1964. - 100 125 тир. | ||
| 700 | 1 |
_aПакарие, Рената _eпреразк. _9105670 |
|
| 700 | 1 |
_aНикифорова, Люба _eпрев. от итал. _9365826 |
|
| 700 | 1 |
_aМарайа _eил. _992509 |
|
| 852 | _aЦб ІІ 19149 | ||
| 856 | 4 | _qpdf | |
| 856 | 4 | _qpdf | |
| 942 |
_cKNG _n0 _s1 _01 |
||
| 944 |
_aCR _c06.12.2013 _l06.12.2013 - от С1,Р / 06.12.2013 _kМитко_Георгиев |
||
| 944 |
_aED _c27.09.2017 _l06.12.2013 - от С1,Р / 06.12.2013 _kВася_Ганчева |
||
| 999 | _d148265 | ||
| 999 | _d148265 | ||